[Event "Easter op"]
[Site "Winnipeg CAN"]
[Date "2001.04.21"]
[Round "3"]
[White "Barkman, Daniel"]
[Black "Trueman, Francis"]
[Result "1-0"]
[WhiteElo "1595"]
[BlackElo "1459"]
[PlyCount "63"]
[GameId "2160767911565066"]
[EventDate "2001.04.??"]
[EventType "swiss"]
[EventRounds "5"]
[EventCountry "CAN"]
[SourceTitle "EXT 2005"]
[Source "ChessBase"]
[SourceDate "2004.11.15"]
[SourceVersion "1"]
[SourceVersionDate "2004.11.15"]
[SourceQuality "1"]

1. e4 c6 2. d4 d5 3. Nc3 dxe4 4. Nxe4 Nd7 5. Bf4 Ndf6 6. Ng3 e6 7. Nf3 Bd6 8. Ne5 Ne7 9. Bd3 Qc7 10. Nh5 Nxh5 11. Qxh5 Bxe5 12. Bxe5 Qa5+ 13. c3 Ng6 14. Bxg6 fxg6 15. Qe2 O-O 16. O-O b6 17. Qg4 Qd5 18. h4 Ba6 19. Rfe1 Bd3 20. b3 Bf5 21. Qg3 Qd8 22. Re3 Qe8 23. h5 Qf7 24. Bd6 Rfd8 25. hxg6 Bxg6 26. Rf3 Qd7 27. Be5 Rf8 28. Rxf8+ Rxf8 29. a4 Qf7 30. b4 Qf5 31. Rc1 Be8 32. Qxg7# 1-0

[Event "Easter op"]
[Site "Winnipeg CAN"]
[Date "2001.04.21"]
[Round "3"]
[White "Bell, Dennis"]
[Black "Gannon, Keith"]
[Result "1-0"]
[WhiteElo "1559"]
[BlackElo "1623"]
[PlyCount "131"]
[GameId "2160767911565067"]
[EventDate "2001.04.??"]
[EventType "swiss"]
[EventRounds "5"]
[EventCountry "CAN"]
[SourceTitle "EXT 2005"]
[Source "ChessBase"]
[SourceDate "2004.11.15"]
[SourceVersion "1"]
[SourceVersionDate "2004.11.15"]
[SourceQuality "1"]

1. f4 e6 2. Nf3 d5 3. e3 Nf6 4. b3 c5 5. Bb5+ Bd7 6. Bxd7+ Nbxd7 7. O-O Be7 8. Bb2 O-O 9. Ne5 a6 10. d3 Rc8 11. Nd2 b5 12. c4 Nb6 13. Qf3 Qc7 14. Qg3 Rfd8 15. Ndf3 dxc4 16. bxc4 bxc4 17. dxc4 Ne4 18. Qg4 Bf6 19. Rad1 Rxd1 20. Rxd1 Rd8 21. Rb1 Nd2 22. Rd1 Nxf3+ 23. Qxf3 Rxd1+ 24. Qxd1 h6 25. Qc2 Qd6 26. Kf2 g5 27. Nxf7 Kxf7 28. Qh7+ Ke8 29. Bxf6 gxf4 30. Qg8+ Kd7 31. Qh7+ Kc6 32. Qe4+ Kd7 33. exf4 Qd2+ 34. Kg3 Qd6 35. Qh7+ Kc6 36. Qxh6 Nxc4 37. Qg6 Nd2 38. h4 Nf1+ 39. Kg4 Ne3+ 40. Kf3 Nf5 41. Qe8+ Kb7 42. Qd8 Qc6+ 43. Kf2 c4 44. Qf8 Qb6+ 45. Kf3 Qe3+ 46. Kg4 Qg3+ 47. Kh5 Qxf4 48. Qf7+ Ka8 49. Qxe6 Qh6+ 50. Kg4 Qg6+ 51. Kf4 Qg3+ 52. Kxf5 Qf2+ 53. Kg5 Qxg2+ 54. Kh5 Qf3+ 55. Kg6 Qd3+ 56. Qf5 Qg3+ 57. Qg5 Qd3+ 58. Kh6 Kb7 59. Qg6 Qd2+ 60. Kg7 Qxa2 61. h5 Qb3 62. h6 c3 63. Qf7+ Qxf7+ 64. Kxf7 c2 65. Bg5 a5 66. h7 1-0

[Event "Easter op"]
[Site "Winnipeg CAN"]
[Date "2001.04.21"]
[Round "3"]
[White "Katona, John"]
[Black "Moffat, Ron"]
[Result "0-1"]
[WhiteElo "1820"]
[BlackElo "1694"]
[PlyCount "73"]
[GameId "2160767911565068"]
[EventDate "2001.04.??"]
[EventType "swiss"]
[EventRounds "5"]
[EventCountry "CAN"]
[SourceTitle "EXT 2005"]
[Source "ChessBase"]
[SourceDate "2004.11.15"]
[SourceVersion "1"]
[SourceVersionDate "2004.11.15"]
[SourceQuality "1"]

1. e4 c5 2. c3 d5 3. exd5 Qxd5 4. d4 Nc6 5. Nf3 cxd4 6. cxd4 e5 7. Nc3 Bb4 8. Bd2 Bxc3 9. Bxc3 e4 10. Ne5 Nxe5 11. dxe5 Ne7 12. Qxd5 Nxd5 13. Bc4 Nxc3 14. bxc3 Bf5 15. Bd5 Rb8 16. O-O Ke7 17. Rfe1 Rhc8 18. c4 b5 19. cxb5 Rxb5 20. Bxe4 Bxe4 21. Rxe4 Rc2 22. Ra4 a5 23. f4 Ke6 24. Rd1 Kf5 25. h3 h5 26. Rd7 Rbb2 27. Rxa5 Rxg2+ 28. Kf1 Rgc2 29. Rad5 Rb1+ 30. Rd1 Rxd1+ 31. Rxd1 Rxa2 32. Rd7 Ke6 33. Rd6+ Ke7 34. Rd3 Ra4 35. Rf3 Ke6 36. Kf2 Kf5 37. Ke3 0-1

[Event "Easter op"]
[Site "Winnipeg CAN"]
[Date "2001.04.21"]
[Round "3"]
[White "Remillard, John"]
[Black "Bays, Derek"]
[Result "0-1"]
[WhiteElo "1595"]
[BlackElo "1550"]
[PlyCount "59"]
[GameId "2160767911565069"]
[EventDate "2001.04.??"]
[EventType "swiss"]
[EventRounds "5"]
[EventCountry "CAN"]
[SourceTitle "EXT 2005"]
[Source "ChessBase"]
[SourceDate "2004.11.15"]
[SourceVersion "1"]
[SourceVersionDate "2004.11.15"]
[SourceQuality "1"]

1. c4 e5 2. g3 Bc5 3. Bg2 Nf6 4. Nc3 a6 5. e3 Nc6 6. a3 O-O 7. h4 d6 8. h5 h6 9. f3 Re8 10. Nd5 Nxd5 11. cxd5 Ne7 12. b4 Ba7 13. Qb3 Bd7 14. g4 Kh8 15. Bb2 Ng8 16. a4 f5 17. gxf5 Qg5 18. Kf2 Bxf5 19. Ne2 Rf8 20. Qc4 Nf6 21. Rag1 Ng4+ 22. Ke1 Nxe3 23. dxe3 Bxe3 24. Rf1 Bd2+ 25. Kd1 Bd7 26. Qc2 Be3 27. Bh3 Bxh3 28. Rxh3 Qg2 29. Rfh1 Rxf3 30. Nc3 0-1

[Event "Easter op"]
[Site "Winnipeg CAN"]
[Date "2001.04.22"]
[Round "4"]
[White "Bays, Derek"]
[Black "Barkman, Daniel"]
[Result "0-1"]
[WhiteElo "1549"]
[BlackElo "1587"]
[PlyCount "112"]
[GameId "2160767911565070"]
[EventDate "2001.04.??"]
[EventType "swiss"]
[EventRounds "5"]
[EventCountry "CAN"]
[SourceTitle "EXT 2005"]
[Source "ChessBase"]
[SourceDate "2004.11.15"]
[SourceVersion "1"]
[SourceVersionDate "2004.11.15"]
[SourceQuality "1"]

1. c4 e5 2. Nc3 Nf6 3. Nf3 Nc6 4. e3 Bc5 5. Be2 O-O 6. O-O d5 7. Na4 Be7 8. d4 Qd6 9. c5 Qe6 10. Nc3 a6 11. Ng5 Qf5 12. f4 exf4 13. exf4 Qg6 14. Rf3 h6 15. Rg3 hxg5 16. Rxg5 Qh6 17. f5 Qh4 18. Be3 Ne4 19. Rg4 Nxc3 20. bxc3 Qf6 21. Bd3 Bxf5 22. Rf4 Qe6 23. Bf2 Bxd3 24. Qxd3 Qh6 25. Rf3 Qh7 26. Qd2 Rfe8 27. Re1 Bf6 28. Rfe3 Rxe3 29. Qxe3 Kf8 30. Qg3 Rc8 31. Qg4 Na7 32. Qd7 Qh5 33. Bg3 Bh4 34. Bxh4 Qxh4 35. Rf1 Qe7 36. Qh3 Kg8 37. Qg3 Nb5 38. Re1 Qf6 39. Qh3 Rd8 40. a4 Na7 41. Rb1 b6 42. cxb6 cxb6 43. Qd3 b5 44. Qc2 bxa4 45. Qxa4 Nb5 46. Qb4 Rc8 47. Rf1 Qd6 48. Qxd6 Nxd6 49. Ra1 Rc6 50. Kf2 Ne4+ 51. Ke3 Nxc3 52. Rc1 Rc7 53. Kd3 Nb5 54. Rxc7 Nxc7 55. Kc3 f5 56. Kb4 Kf7 0-1

[Event "Easter op"]
[Site "Winnipeg CAN"]
[Date "2001.04.22"]
[Round "4"]
[White "Kernested, Gavin"]
[Black "Pilotte, Rick"]
[Result "1-0"]
[WhiteElo "1335"]
[BlackElo "100"]
[PlyCount "103"]
[GameId "2160767911565071"]
[EventDate "2001.04.??"]
[EventType "swiss"]
[EventRounds "5"]
[EventCountry "CAN"]
[SourceTitle "EXT 2005"]
[Source "ChessBase"]
[SourceDate "2004.11.15"]
[SourceVersion "1"]
[SourceVersionDate "2004.11.15"]
[SourceQuality "1"]

1. e4 e5 2. Nf3 d6 3. d4 exd4 4. Nxd4 g6 5. Nc3 Bg7 6. Be2 Bd7 7. Be3 c5 8. Nf3 a6 9. Nd5 Bc6 10. c3 Nf6 11. Nxf6+ Bxf6 12. Qc2 Qe7 13. Bd3 Nd7 14. Bh6 Ne5 15. Nxe5 Bxe5 16. O-O-O O-O-O 17. f3 Qf6 18. Be3 b5 19. Be2 Kb7 20. g3 g5 21. Rhf1 Qe6 22. Bxg5 Rdg8 23. Be3 Qxa2 24. c4 b4 25. b3 Qa1+ 26. Kd2 Bc3+ 27. Kd3 Qa5 28. Bd2 Bxd2 29. Qxd2 Qc7 30. Ra1 Ra8 31. Ke3 Rhe8 32. Rfd1 Re6 33. Kf2 Rf6 34. Bf1 Bxe4 35. Bg2 Kb6 36. Qg5 Rf5 37. Qh6 Bc2 38. Rxd6+ Kb7 39. f4+ Kb8 40. Bxa8 a5 41. Qf8+ Ka7 42. Rxa5+ Qxa5 43. Qe7+ Kxa8 44. Rd7 Qb6 45. Rd8+ Qb8 46. Rxb8+ Kxb8 47. Qe3 h5 48. h3 Bd1 49. Qd3 Rf6 50. Qxd1 Kc7 51. Qxh5 Kd7 52. Qxc5 1-0

[Event "Easter op"]
[Site "Winnipeg CAN"]
[Date "2001.04.22"]
[Round "4"]
[White "Khedkar, Jay S"]
[Black "Moffat, Ron"]
[Result "1-0"]
[WhiteElo "1962"]
[BlackElo "1694"]
[PlyCount "61"]
[GameId "2160767911565072"]
[EventDate "2001.04.??"]
[EventType "swiss"]
[EventRounds "5"]
[EventCountry "CAN"]
[SourceTitle "EXT 2005"]
[Source "ChessBase"]
[SourceDate "2004.11.15"]
[SourceVersion "1"]
[SourceVersionDate "2004.11.15"]
[SourceQuality "1"]

1. e4 c5 2. Nf3 e6 3. Nc3 a6 4. g3 g6 5. Bg2 Nc6 6. d4 cxd4 7. Nxd4 Bg7 8. Be3 Nge7 9. O-O O-O 10. f4 d6 11. Qd2 Qc7 12. Rad1 Rd8 13. Qf2 Rb8 14. g4 f5 15. gxf5 exf5 16. exf5 Bxf5 17. Nxf5 Nxf5 18. Bb6 Qd7 19. Bxd8 Bd4 20. Rxd4 Ncxd4 21. Bb6 Nc6 22. Nd5 Rf8 23. Re1 Kg7 24. Qd2 Nh4 25. Bd4+ Kh6 26. f5+ g5 27. Re6+ Kh5 28. Nf6+ Rxf6 29. Bxf6 h6 30. Qe2+ g4 31. h3 1-0

[Event "Easter op"]
[Site "Winnipeg CAN"]
[Date "2001.04.22"]
[Round "4"]
[White "Proulx, Roy"]
[Black "Gentes, Kevin"]
[Result "0-1"]
[WhiteElo "1692"]
[BlackElo "2380"]
[PlyCount "60"]
[GameId "2160767911565073"]
[EventDate "2001.04.??"]
[EventType "swiss"]
[EventRounds "5"]
[EventCountry "CAN"]
[SourceTitle "EXT 2005"]
[Source "ChessBase"]
[SourceDate "2004.11.15"]
[SourceVersion "1"]
[SourceVersionDate "2004.11.15"]
[SourceQuality "1"]

1. e4 c5 2. Nf3 e6 3. d4 cxd4 4. Nxd4 a6 5. a3 d6 6. Be3 Nf6 7. Nd2 Be7 8. Be2 O-O 9. f4 Qc7 10. O-O b6 11. Bf3 Bb7 12. a4 Nbd7 13. Qe2 Rfe8 14. Qf2 Bf8 15. g4 e5 16. Nf5 exf4 17. Bxf4 Nxe4 18. Nxe4 Bxe4 19. Qg3 Bxf3 20. Rxf3 Ne5 21. Re3 Nc4 22. Rxe8 Rxe8 23. b3 Ne5 24. Rd1 Qc5+ 25. Kg2 Qc6+ 26. Kh3 b5 27. axb5 axb5 28. Nd4 Qd7 29. Kg2 Nxg4 30. Nf3 Re2+ 0-1

[Event "Easter op"]
[Site "Winnipeg CAN"]
[Date "2001.04.22"]
[Round "4"]
[White "Toews, Doug"]
[Black "Bell, Dennis"]
[Result "0-1"]
[WhiteElo "100"]
[BlackElo "1559"]
[PlyCount "62"]
[GameId "2160767911565074"]
[EventDate "2001.04.??"]
[EventType "swiss"]
[EventRounds "5"]
[EventCountry "CAN"]
[SourceTitle "EXT 2005"]
[Source "ChessBase"]
[SourceDate "2004.11.15"]
[SourceVersion "1"]
[SourceVersionDate "2004.11.15"]
[SourceQuality "1"]

1. g3 e5 2. e4 Nf6 3. Bg2 Bc5 4. c3 Nc6 5. b4 Bb6 6. Nh3 d6 7. d3 h6 8. O-O O-O 9. Kh1 a5 10. b5 Na7 11. a4 c6 12. bxc6 Nxc6 13. f4 Ne7 14. Bd2 Ng4 15. Bc1 f5 16. d4 Qc7 17. Ba3 Kh8 18. Qd3 fxe4 19. Bxe4 Bf5 20. Bxf5 Nxf5 21. fxe5 Qf7 22. Bxd6 Nxg3+ 23. hxg3 Qxf1+ 24. Qxf1 Rxf1+ 25. Kg2 Ne3+ 26. Kh2 Re8 27. Nf4 Bd8 28. Ba3 Bg5 29. Nd3 Nc2 30. Ra2 Nxa3 31. Nxa3 Rf3 0-1

[Event "Easter op"]
[Site "Winnipeg CAN"]
[Date "2001.04.22"]
[Round "5"]
[White "Barkman, Daniel"]
[Black "Khedkar, Jay S"]
[Result "0-1"]
[WhiteElo "1595"]
[BlackElo "1962"]
[PlyCount "66"]
[GameId "2160767911565075"]
[EventDate "2001.04.??"]
[EventType "swiss"]
[EventRounds "5"]
[EventCountry "CAN"]
[SourceTitle "EXT 2005"]
[Source "ChessBase"]
[SourceDate "2004.11.15"]
[SourceVersion "1"]
[SourceVersionDate "2004.11.15"]
[SourceQuality "1"]

1. e4 c5 2. Nf3 e6 3. d4 cxd4 4. Nxd4 Nf6 5. Nc3 a6 6. Bd3 d6 7. Be3 b5 8. O-O Bb7 9. Kh1 b4 10. Nce2 Nxe4 11. Ng3 Nf6 12. f4 Nbd7 13. Nf3 Be7 14. Ng5 Rc8 15. Nh5 Kf8 16. Qe2 h6 17. Nh3 Qa5 18. f5 e5 19. a3 Nxh5 20. Qxh5 Qd5 21. Rf2 Nf6 22. Qh4 b3 23. Rd1 Qa5 24. Rfd2 Ne4 25. Qg4 Nxd2 26. Rxd2 d5 27. cxb3 d4 28. b4 Qd5 29. Bg1 Rc1 30. Nf2 h5 31. Qg3 Bh4 32. Qh3 Bxf2 33. Rxf2 e4 0-1

[Event "Easter op"]
[Site "Winnipeg CAN"]
[Date "2001.04.22"]
[Round "5"]
[White "Bays, Derek"]
[Black "Toews, Doug"]
[Result "1-0"]
[WhiteElo "1550"]
[BlackElo "100"]
[PlyCount "91"]
[GameId "2160767911565076"]
[EventDate "2001.04.??"]
[EventType "swiss"]
[EventRounds "5"]
[EventCountry "CAN"]
[SourceTitle "EXT 2005"]
[Source "ChessBase"]
[SourceDate "2004.11.15"]
[SourceVersion "1"]
[SourceVersionDate "2004.11.15"]
[SourceQuality "1"]

1. c4 g6 2. Nc3 Bg7 3. b3 c6 4. Bb2 Qa5 5. e4 Na6 6. Rb1 Nc5 7. Qc2 e6 8. Nf3 d5 9. exd5 Ne7 10. d4 Na6 11. a3 c5 12. dxc5 Qxc5 13. Ne4 Qa5+ 14. Nfd2 Nf5 15. Bxg7 Nxg7 16. Nf6+ Ke7 17. Qb2 Rd8 18. Be2 exd5 19. Nxd5+ Kf8 20. O-O Re8 21. Rfe1 Be6 22. Nf6 Red8 23. Rbd1 h5 24. Nde4 Qb6 25. Ng5 Rd6 26. Ngh7+ Ke7 27. Bf3 Nc7 28. Nd5+ Nxd5 29. Bxd5 Rad8 30. Qf6+ Kd7 31. Bxe6+ Nxe6 32. Qxf7+ Kc8 33. Qf3 Nd4 34. Qh3+ Kb8 35. Qg3 Ka8 36. Kf1 Nf5 37. Qf3 Qc5 38. Ng5 Rxd1 39. Rxd1 Rf8 40. Kg1 Ne3 41. Qxe3 Qxa3 42. Qd3 a6 43. Ne6 Rf5 44. Nc7+ Ka7 45. Qe3+ Rc5 46. Ne6 1-0

[Event "Easter op"]
[Site "Winnipeg CAN"]
[Date "2001.04.22"]
[Round "5"]
[White "Gentes, Kevin"]
[Black "Khedkar, Jay S"]
[Result "0-1"]
[WhiteElo "2380"]
[BlackElo "1962"]
[PlyCount "67"]
[GameId "2160767911565077"]
[EventDate "2001.04.??"]
[EventType "swiss"]
[EventRounds "5"]
[EventCountry "CAN"]
[SourceTitle "EXT 2005"]
[Source "ChessBase"]
[SourceDate "2004.11.15"]
[SourceVersion "1"]
[SourceVersionDate "2004.11.15"]
[SourceQuality "1"]

1. d4 Nf6 2. c4 g6 3. Nc3 d5 4. cxd5 Nxd5 5. e4 Nxc3 6. bxc3 Bg7 7. Bc4 c5 8. Ne2 Nc6 9. Be3 O-O 10. O-O cxd4 11. cxd4 Na5 12. Bd3 Be6 13. d5 Bxa1 14. Qxa1 f6 15. Bh6 Re8 16. Nf4 Bd7 17. e5 Rc8 18. d6 exd6 19. exf6 Re5 20. Bg7 Kf7 21. Qb1 Bf5 22. g4 Bxd3 23. Qxd3 Rc4 24. Qd2 Qb6 25. h3 Qd4 26. Nd3 Nc6 27. Nxe5+ Nxe5 28. Qxd4 Rxd4 29. Kg2 a6 30. f4 Nd3 31. Kg3 Nc5 32. g5 b5 33. Re1 Rd1 34. Re4 0-1

[Event "Eastern Ontario op"]
[Site "Ottawa CAN"]
[Date "2001.06.09"]
[Round "2"]
[White "De Kerpel, Stijn"]
[Black "Pacey, Kevin"]
[Result "1/2-1/2"]
[WhiteElo "2169"]
[BlackElo "2333"]
[PlyCount "81"]
[GameId "2160767911564507"]
[EventDate "2001.06.09"]
[EventType "swiss"]
[EventRounds "5"]
[EventCountry "CAN"]

1. c4 e5 2. g3 Nc6 3. Bg2 g6 4. Nc3 Bg7 5. d3 d6 6. e4 Nge7 7. Nge2 O-O 8. O-O f5 9. Nd5 Be6 10. Be3 Qd7 11. Qd2 Rf7 12. Rac1 Raf8 13. f3 Nc8 14. exf5 gxf5 15. f4 Nd4 16. fxe5 Nxe2+ 17. Qxe2 dxe5 18. Nc3 Ne7 19. Bc5 b6 20. Bxe7 Rxe7 21. Bd5 c6 22. Bxe6+ Rxe6 23. Qf3 e4 24. dxe4 fxe4 25. Qe2 Rxf1+ 26. Rxf1 Qd3 27. Rd1 Qxe2 28. Nxe2 Bxb2 29. Rd7 Ba3 30. Rxa7 Bc5+ 31. Kf1 Rd6 32. a4 Rd1+ 33. Kg2 Rd2 34. Kf1 Rc2 35. Rc7 Rxc4 36. Rxc6 Rxa4 37. Rc8+ Kf7 38. Rc7+ Be7 39. Nf4 Rd4 40. Rb7 Rd2 41. Rxb6 1/2-1/2

[Event "Eastern Ontario op"]
[Site "Ottawa CAN"]
[Date "2001.06.09"]
[Round "2"]
[White "Rose, Richard"]
[Black "Veltmann, Alfred"]
[Result "0-1"]
[WhiteElo "1814"]
[BlackElo "1691"]
[PlyCount "90"]
[GameId "2160767911564508"]
[EventDate "2001.06.09"]
[EventType "swiss"]
[EventRounds "5"]
[EventCountry "CAN"]

1. e4 e5 2. Nf3 Nc6 3. Bc4 Bc5 4. Qe2 d6 5. c3 Nf6 6. a4 a6 7. b4 Ba7 8. Bb2 Bd7 9. b5 Na5 10. Na3 Nxc4 11. Qxc4 Bc5 12. d4 Bxa3 13. Rxa3 axb5 14. axb5 Rxa3 15. Bxa3 Be6 16. d5 Bg4 17. Nd2 Nd7 18. Qa4 O-O 19. f3 Bh5 20. g4 Bg6 21. h4 h5 22. g5 f6 23. Rg1 Kh7 24. Ke2 Qa8 25. Qb3 Qa7 26. Ra1 Ra8 27. Bb2 Qb8 28. Rxa8 Qxa8 29. gxf6 gxf6 30. Qa3 Qxa3 31. Bxa3 Be8 32. c4 Nf8 33. Kf2 Ng6 34. Kg3 Nf4 35. b6 cxb6 36. Bxd6 Ne2+ 37. Kf2 Nc3 38. Bb4 Na4 39. Nb3 Nb2 40. Be1 Kg6 41. c5 Ba4 42. d6 Nd3+ 43. Ke2 Nxc5 44. Nxc5 bxc5 45. Ba5 Kf7 0-1

[Event "Eastern Ontario op"]
[Site "Ottawa CAN"]
[Date "2001.06.09"]
[Round "3"]
[White "Pacey, Kevin"]
[Black "Kirby, Patrick"]
[Result "1-0"]
[WhiteElo "2333"]
[BlackElo "2204"]
[PlyCount "101"]
[GameId "2160767911564509"]
[EventDate "2001.06.09"]
[EventType "swiss"]
[EventRounds "5"]
[EventCountry "CAN"]

1. e4 c5 2. Nc3 e6 3. Nf3 a6 4. g3 Nc6 5. Bg2 Nf6 6. O-O Qc7 7. d3 Be7 8. Bf4 d6 9. Re1 Nd7 10. Bg5 Nf6 11. d4 cxd4 12. Nxd4 O-O 13. Nxc6 bxc6 14. e5 dxe5 15. Qf3 Nd5 16. Bxe7 Nxe7 17. Qe3 f6 18. Qc5 Rb8 19. b3 a5 20. a3 Rd8 21. Rad1 Ba6 22. Bh3 Nf5 23. Bxf5 exf5 24. Nd5 Qb7 25. Ne7+ Kh8 26. Nxc6 Rxd1 27. Rxd1 Re8 28. Nxa5 Qf7 29. Qb6 Be2 30. Rd8 h5 31. Qb8 Rxd8 32. Qxd8+ Kh7 33. Qd2 Bf3 34. Nc4 f4 35. Qd3+ e4 36. Qd2 fxg3 37. fxg3 Qa7+ 38. Qe3 Qc7 39. a4 g5 40. Qb6 Qd7 41. Qd6 Qa7+ 42. Kf1 Bg4 43. Nb6 Kg7 44. c4 e3 45. b4 e2+ 46. Kf2 Qf7 47. Nd5 Qa7+ 48. c5 Qxa4 49. Qe7+ Kg6 50. Qxf6+ Kh7 51. Qf7+ 1-0

[Event "Eastern Ontario op"]
[Site "Ottawa CAN"]
[Date "2001.06.09"]
[Round "3"]
[White "Veltmann, Alfred"]
[Black "Van Dusen, Eric"]
[Result "1-0"]
[WhiteElo "1691"]
[BlackElo "1834"]
[PlyCount "79"]
[GameId "2160767911564510"]
[EventDate "2001.06.09"]
[EventType "swiss"]
[EventRounds "5"]
[EventCountry "CAN"]

1. e4 c5 2. Nf3 d6 3. d4 cxd4 4. Nxd4 Nf6 5. Nc3 a6 6. Be2 e6 7. Be3 Be7 8. Qd2 Nc6 9. f4 Qc7 10. Bf3 Bd7 11. Nb3 b5 12. a3 Rb8 13. O-O O-O 14. g4 Bc8 15. g5 Nd7 16. h4 Nb6 17. Bxb6 Qxb6+ 18. Qf2 Qc7 19. Kh1 Bb7 20. Ne2 Rfd8 21. c3 Bf8 22. Rad1 Ne7 23. h5 Qc4 24. Na5 Qa2 25. Nxb7 Rxb7 26. Nc1 Qc4 27. Rd4 Qc8 28. Bg4 Nc6 29. Rd3 Na5 30. Rg3 Be7 31. g6 Qc5 32. gxf7+ Kxf7 33. Nd3 Qxf2 34. Rxf2 Nc6 35. Rgf3 a5 36. e5 g6 37. Rh3 Bf8 38. hxg6+ hxg6 39. exd6 Rxd6 40. Nc5 1-0

[Event "Eastern Ontario op"]
[Site "Ottawa CAN"]
[Date "2001.06.10"]
[Round "4"]
[White "Carrier, Claude"]
[Black "Pacey, Kevin"]
[Result "0-1"]
[WhiteElo "2077"]
[BlackElo "2333"]
[PlyCount "66"]
[GameId "2160767911564511"]
[EventDate "2001.06.09"]
[EventType "swiss"]
[EventRounds "5"]
[EventCountry "CAN"]

1. e4 e5 2. Nf3 Nc6 3. Bb5 a6 4. Ba4 Nf6 5. O-O Be7 6. Re1 b5 7. Bb3 d6 8. c3 O-O 9. h3 Na5 10. Bc2 c5 11. d4 Qc7 12. Nbd2 Bd7 13. dxe5 dxe5 14. Nf1 Nc4 15. g4 h5 16. g5 Nh7 17. b3 Nb6 18. Nxe5 Qxe5 19. f4 Qxc3 20. Bd2 Qxh3 21. Nh2 c4 22. Re3 Bc5 23. Qe1 c3 24. Bc1 b4 25. Bd3 Bb5 26. Bxb5 axb5 27. Kh1 Bxe3 28. Bxe3 Rfd8 29. Bxb6 Rd2 30. Bf2 Raxa2 31. Rxa2 Rxa2 32. Kg1 c2 33. Qd2 Ra1+ 0-1

[Event "Eastern Ontario op"]
[Site "Ottawa CAN"]
[Date "2001.06.10"]
[Round "4"]
[White "Hardie, Mackenzie"]
[Black "Veltmann, Alfred"]
[Result "1-0"]
[WhiteElo "1805"]
[BlackElo "1691"]
[PlyCount "43"]
[GameId "2160767911564512"]
[EventDate "2001.06.09"]
[EventType "swiss"]
[EventRounds "5"]
[EventCountry "CAN"]

1. e4 e5 2. Nf3 Nc6 3. Bc4 Bc5 4. b4 Bxb4 5. c3 Be7 6. O-O Nf6 7. d4 d6 8. Ba3 h6 9. Re1 a6 10. Nbd2 b5 11. Bd5 Bd7 12. dxe5 Nxd5 13. exd5 Nxe5 14. Nxe5 dxe5 15. Rxe5 Kf8 16. Bxe7+ Qxe7 17. Rxe7 Kxe7 18. Qe1+ Kf8 19. Qe3 Kg8 20. Qe7 Bf5 21. Nf3 Bg4 22. Nd4 1-0

[Event "Eastern Ontario op"]
[Site "Ottawa CAN"]
[Date "2001.06.10"]
[Round "5"]
[White "Pacey, Kevin"]
[Black "Taylor, Gordon"]
[Result "1/2-1/2"]
[WhiteElo "2333"]
[BlackElo "2353"]
[PlyCount "29"]
[GameId "2160767911564513"]
[EventDate "2001.06.09"]
[EventType "swiss"]
[EventRounds "5"]
[EventCountry "CAN"]

1. e4 c5 2. Nc3 e6 3. g3 d5 4. exd5 exd5 5. Bg2 Nf6 6. d4 cxd4 7. Qxd4 Nc6 8. Qd3 d4 9. Ne4 Bf5 10. Bd2 Qe7 11. f3 O-O-O 12. O-O-O Ne5 13. Nd6+ Qxd6 14. Qxf5+ Ned7 15. Bf4 1/2-1/2

[Event "Eastern Ontario op"]
[Site "Ottawa CAN"]
[Date "2001.06.10"]
[Round "5"]
[White "Veltmann, Alfred"]
[Black "Scantland, Patrick"]
[Result "1-0"]
[WhiteElo "1691"]
[BlackElo "1587"]
[PlyCount "63"]
[GameId "2160767911564514"]
[EventDate "2001.06.09"]
[EventType "swiss"]
[EventRounds "5"]
[EventCountry "CAN"]

1. e4 c5 2. Nf3 d6 3. d4 cxd4 4. Nxd4 Nf6 5. Nc3 a6 6. Bg5 e6 7. Qd2 Be7 8. O-O-O Qc7 9. f4 h6 10. Bxf6 Bxf6 11. h3 Nc6 12. Nxc6 Qxc6 13. Qxd6 Qxd6 14. Rxd6 Bxc3 15. bxc3 Ke7 16. Rb6 Rd8 17. Bd3 Rb8 18. Bxa6 Rd6 19. Rxd6 Kxd6 20. Bc4 b5 21. Bb3 Rb7 22. Rd1+ Ke7 23. e5 Rc7 24. Kb2 Bb7 25. Rd2 h5 26. h4 f6 27. g3 Bf3 28. Ka3 Rxc3 29. Rd3 Rxd3 30. cxd3 fxe5 31. fxe5 Bg4 32. Kb4 1-0

[Event "Echiquier Royal-ch"]
[Site "Gatineau CAN"]
[Date "2001.02.23"]
[Round "1"]
[White "Gagnon, Fabien"]
[Black "Maisonneuve, Paul"]
[Result "1-0"]
[WhiteElo "2071"]
[BlackElo "1512"]
[PlyCount "61"]
[GameId "2160767911610430"]
[EventDate "2001.02.23"]
[EventType "tourn"]
[EventRounds "5"]
[EventCountry "CAN"]

1. e4 d6 2. c4 Nf6 3. Nc3 g6 4. g3 Bg7 5. Bg2 O-O 6. d4 c6 7. Nf3 Nbd7 8. O-O c5 9. d5 Ng4 10. Nd2 Nge5 11. Qe2 Nb6 12. h3 a6 13. f4 Ned7 14. Nf3 e6 15. dxe6 fxe6 16. Rd1 Nb8 17. e5 Nc6 18. Rxd6 Qc7 19. Be3 Rd8 20. Bxc5 Bf8 21. Rxd8 Qxd8 22. Bxf8 Qxf8 23. Ne4 Qb4 24. b3 Nd7 25. Rd1 Ne7 26. Kh2 b5 27. Nfg5 Rb8 28. cxb5 axb5 29. Qd2 Qa3 30. Nf6+ Nxf6 31. Qd8+ 1-0

[Event "Echiquier Royal-ch"]
[Site "Gatineau CAN"]
[Date "2001.03.02"]
[Round "2"]
[White "Danis, Jacques"]
[Black "Gagnon, Fabien"]
[Result "0-1"]
[WhiteElo "1780"]
[BlackElo "2071"]
[PlyCount "60"]
[GameId "2160767911610431"]
[EventDate "2001.02.23"]
[EventType "tourn"]
[EventRounds "5"]
[EventCountry "CAN"]

1. e4 e6 2. d4 d5 3. e5 c5 4. c3 Nc6 5. Nf3 Bd7 6. Be2 Rc8 7. O-O Qb6 8. dxc5 Bxc5 9. b4 Be7 10. a4 Qc7 11. Bf4 Nh6 12. h3 Nf5 13. g4 Nh4 14. Re1 Ng6 15. Bg3 Ncxe5 16. Nxe5 Nxe5 17. Bb5 Bd6 18. Bxd7+ Kxd7 19. Bxe5 Bxe5 20. Qd3 Bf6 21. Rd1 h5 22. Qe2 hxg4 23. Qxg4 Qe5 24. Rd3 Rh4 25. Qd1 Qf5 26. Qf3 Rf4 27. Qe3 Re4 28. Qxa7 Re1+ 29. Kg2 Qxd3 30. Qxb7+ Rc7 0-1

[Event "Echiquier Royal-ch"]
[Site "Gatineau CAN"]
[Date "2001.03.10"]
[Round "3"]
[White "Gagnon, Fabien"]
[Black "Lavergne, Daniel"]
[Result "1-0"]
[WhiteElo "2071"]
[BlackElo "1617"]
[PlyCount "33"]
[GameId "2160767911610432"]
[EventDate "2001.02.23"]
[EventType "tourn"]
[EventRounds "5"]
[EventCountry "CAN"]

1. d4 Nf6 2. Nf3 c5 3. e3 d5 4. Ne5 c4 5. c3 g6 6. b3 b5 7. a4 bxa4 8. bxc4 Bg7 9. cxd5 O-O 10. c4 Nfd7 11. Bb2 Qb6 12. Bc3 Nxe5 13. dxe5 Bd7 14. Bd3 Na6 15. O-O Qb3 16. Qxb3 axb3 17. Rxa6 1-0

[Event "Echiquier Royal-ch"]
[Site "Gatineau CAN"]
[Date "2001.03.16"]
[Round "4"]
[White "Rose, Richard"]
[Black "Gagnon, Fabien"]
[Result "0-1"]
[WhiteElo "1771"]
[BlackElo "2071"]
[PlyCount "72"]
[GameId "2160767911610433"]
[EventDate "2001.02.23"]
[EventType "tourn"]
[EventRounds "5"]
[EventCountry "CAN"]

1. e4 e6 2. d4 d5 3. exd5 exd5 4. Nf3 Bd6 5. Bd3 Ne7 6. Nc3 c6 7. h3 Bf5 8. Ne2 Qc7 9. Nh4 Be4 10. O-O Nd7 11. g3 O-O-O 12. Bxe4 dxe4 13. Ng2 h6 14. Bf4 Bxf4 15. Ngxf4 g5 16. Ng2 Nf5 17. Ne3 Nxe3 18. fxe3 Ne5 19. Kg2 h5 20. Nc3 h4 21. Qe2 Ng6 22. Qg4+ Kb8 23. Nxe4 Rde8 24. Nxg5 Rxe3 25. Rf3 Re2+ 26. Kf1 Rhe8 27. Nxf7 Qe7 28. Ne5 Nxe5 29. dxe5 Rxe5 30. Qf4 Ka8 31. g4 a6 32. Rd1 Re4 33. Qd2 Re2 34. Qc3 Rh2 35. Qd3 Qe5 36. Qd4 Qe2+ 0-1